<?xml version="1.0" encoding="UTF-8"?>
<record
    xmlns:xsi="http://www.w3.org/2001/XMLSchema-instance"
    xsi:schemaLocation="http://www.loc.gov/MARC21/slim http://www.loc.gov/standards/marcxml/schema/MARC21slim.xsd"
    xmlns="http://www.loc.gov/MARC21/slim">

  <leader>04696namaa22004331i 4500</leader>
  <controlfield tag="003">EG-GICUC</controlfield>
  <controlfield tag="005">20260423162117.0</controlfield>
  <controlfield tag="008">260423s2025    ua a|||frm||| 000 0 eng d</controlfield>
  <datafield tag="040" ind1=" " ind2=" ">
    <subfield code="a">EG-GICUC</subfield>
    <subfield code="b">eng</subfield>
    <subfield code="c">EG-GICUC</subfield>
    <subfield code="d">EG-GICUC</subfield>
    <subfield code="e">rda</subfield>
  </datafield>
  <datafield tag="041" ind1="0" ind2=" ">
    <subfield code="a">eng</subfield>
    <subfield code="b">eng</subfield>
    <subfield code="b">ara</subfield>
  </datafield>
  <datafield tag="049" ind1=" " ind2=" ">
    <subfield code="a">Deposit</subfield>
  </datafield>
  <datafield tag="082" ind1="0" ind2="4">
    <subfield code="a">624.1</subfield>
  </datafield>
  <datafield tag="092" ind1=" " ind2=" ">
    <subfield code="a">624.1</subfield>
    <subfield code="2">21</subfield>
  </datafield>
  <datafield tag="097" ind1=" " ind2=" ">
    <subfield code="a">Ph.D</subfield>
  </datafield>
  <datafield tag="099" ind1=" " ind2=" ">
    <subfield code="a">Cai01.13.05.Ph.D.2025.Ah.E</subfield>
  </datafield>
  <datafield tag="100" ind1="0" ind2=" ">
    <subfield code="a">Ahmed Abdallah Saiedahmed Elgohary,</subfield>
    <subfield code="e">preparation.</subfield>
  </datafield>
  <datafield tag="245" ind1="1" ind2="0">
    <subfield code="a">Effect of flexural, and punching shear reinforcement on the punching behaviour of reinforced concrete flat slabs /</subfield>
    <subfield code="c">by Ahmed Abdallah Saiedahmed Elgohary ; Supervision Prof. Dr. Mohamed Rabie Mahmoud Hussain, Dr. Mohamed Samy Yousef.    </subfield>
  </datafield>
  <datafield tag="246" ind1="1" ind2="5">
    <subfield code="a">&#x62A;&#x623;&#x62B;&#x64A;&#x631; &#x635;&#x644;&#x628; &#x62A;&#x633;&#x644;&#x64A;&#x62D; &#x627;&#x644;&#x625;&#x646;&#x62D;&#x646;&#x627;&#x621; &#x648;&#x627;&#x644;&#x643;&#x627;&#x646;&#x627;&#x62A; &#x639;&#x644;&#x64A; &#x633;&#x644;&#x648;&#x643; &#x627;&#x644;&#x642;&#x635; &#x627;&#x644;&#x62B;&#x627;&#x642;&#x628; &#x644;&#x644;&#x628;&#x644;&#x627;&#x637;&#x627;&#x62A; &#x627;&#x644;&#x62E;&#x631;&#x633;&#x627;&#x646;&#x64A;&#x629; &#x627;&#x644;&#x645;&#x633;&#x644;&#x62D;&#x629;</subfield>
  </datafield>
  <datafield tag="264" ind1=" " ind2="0">
    <subfield code="c">2025.</subfield>
  </datafield>
  <datafield tag="300" ind1=" " ind2=" ">
    <subfield code="a">103 pages : </subfield>
    <subfield code="b">illustrations ; </subfield>
    <subfield code="c">30 cm. + </subfield>
    <subfield code="e">CD.</subfield>
  </datafield>
  <datafield tag="336" ind1=" " ind2=" ">
    <subfield code="a">text</subfield>
    <subfield code="2">rda content</subfield>
  </datafield>
  <datafield tag="337" ind1=" " ind2=" ">
    <subfield code="a">Unmediated</subfield>
    <subfield code="2">rdamedia</subfield>
  </datafield>
  <datafield tag="338" ind1=" " ind2=" ">
    <subfield code="a">volume</subfield>
    <subfield code="2">rdacarrier</subfield>
  </datafield>
  <datafield tag="502" ind1=" " ind2=" ">
    <subfield code="a">Thesis (Ph.D)-Cairo University, 2025.</subfield>
  </datafield>
  <datafield tag="504" ind1=" " ind2=" ">
    <subfield code="a">Bibliography: pages 101-103.</subfield>
  </datafield>
  <datafield tag="520" ind1=" " ind2="3">
    <subfield code="a">Punching shear is one of the most important phenomena to be considered during the design 
of reinforced concrete flat slabs, as this type of failure is brittle and occurs without prior 
warning. The main factors that affect punching strength are compressive strength, and 
punching reinforcement in the form of stirrups, or other shapes. In this research, eighteen 
half-scale specimens are tested with square dimensions of 1100 mm, and a thickness of 120 
mm. All specimens were connected to a square column of dimensions 150&#xD7;150 mm. The 
main parameters considered in this research included spacing between stirrups, number of 
stirrups branches, concrete strength, and ratio of the flexural reinforcement. The experimental 
and analytical results were analyzed and compared with the predicted values from various 
international design codes. The punching shear equation was proposed that is less 
conservative than the code provisions and shows closer agreement with both experimental 
and analytical results. </subfield>
  </datafield>
  <datafield tag="520" ind1=" " ind2="3">
    <subfield code="a">&#x627;&#x644;&#x628;&#x644;&#x627;&#x637;&#x627;&#x62A; &#x627;&#x644;&#x645;&#x633;&#x637;&#x62D;&#x629; &#x644;&#x647;&#x627; &#x62F;&#x648;&#x631;&#x627;&#x64B; &#x647;&#x627;&#x645;&#x627;&#x64B; &#x641;&#x64A; &#x627;&#x644;&#x645;&#x628;&#x627;&#x646;&#x64A; &#x627;&#x644;&#x62E;&#x631;&#x633;&#x627;&#x646;&#x64A;&#x629; &#x646;&#x638;&#x631;&#x627;&#x64B; &#x644;&#x645;&#x631;&#x648;&#x646;&#x62A;&#x647;&#x627; &#x627;&#x644;&#x645;&#x639;&#x645;&#x627;&#x631;&#x64A;&#x629; &#x648;&#x62A;&#x639;&#x62A;&#x628;&#x631; &#x638;&#x627;&#x647;&#x631;&#x629; &#x627;&#x644;&#x642;&#x635; &#x627;&#x644;&#x62B;&#x627;&#x642;&#x628; &#x645;&#x646; &#x623;&#x647;&#x645; &#x627;&#x644;&#x638;&#x648;&#x627;&#x647;&#x631; &#x627;&#x644;&#x62A;&#x64A; &#x64A;&#x62C;&#x628; &#x645;&#x631;&#x627;&#x639;&#x627;&#x62A;&#x647;&#x627; &#x623;&#x62B;&#x646;&#x627;&#x621; &#x62A;&#x635;&#x645;&#x64A;&#x645; &#x627;&#x644;&#x628;&#x644;&#x627;&#x637;&#x627;&#x62A; &#x627;&#x644;&#x62E;&#x631;&#x633;&#x627;&#x646;&#x64A;&#x629; &#x627;&#x644;&#x645;&#x633;&#x644;&#x62D;&#x629;&#x60C; &#x62D;&#x64A;&#x62B; &#x623;&#x646; &#x647;&#x630;&#x627; &#x627;&#x644;&#x646;&#x648;&#x639; &#x645;&#x646; &#x627;&#x644;&#x627;&#x646;&#x647;&#x64A;&#x627;&#x631;&#x627;&#x62A; &#x627;&#x646;&#x647;&#x64A;&#x627;&#x631; &#x642;&#x635;&#x641; &#x648;&#x644;&#x627; &#x64A;&#x646;&#x628;&#x626; &#x628;&#x627;&#x644;&#x625;&#x646;&#x630;&#x627;&#x631;&#x627;&#x62A; &#x627;&#x644;&#x645;&#x633;&#x628;&#x642;&#x629; &#x642;&#x628;&#x644; &#x627;&#x644;&#x627;&#x646;&#x647;&#x64A;&#x627;&#x631;&#x60C; &#x648;&#x64A;&#x645;&#x643;&#x646; &#x62A;&#x644;&#x62E;&#x64A;&#x635; &#x627;&#x644;&#x639;&#x648;&#x627;&#x645;&#x644; &#x627;&#x644;&#x631;&#x626;&#x64A;&#x633;&#x64A;&#x629; &#x627;&#x644;&#x62A;&#x64A; &#x62A;&#x624;&#x62B;&#x631; &#x639;&#x644;&#x649; &#x627;&#x644;&#x642;&#x635; &#x627;&#x644;&#x62B;&#x627;&#x642;&#x628; &#x641;&#x64A; &#x627;&#x644;&#x62E;&#x631;&#x633;&#x627;&#x646;&#x629; &#x627;&#x644;&#x64A; &#x627;&#x62C;&#x647;&#x627;&#x62F; &#x627;&#x644;&#x62E;&#x631;&#x633;&#x627;&#x646;&#x629;&#x60C; &#x648;&#x635;&#x644;&#x628; &#x62A;&#x633;&#x644;&#x64A;&#x62D; &#x627;&#x644;&#x627;&#x646;&#x62D;&#x646;&#x627;&#x621;&#x60C; &#x648;&#x627;&#x644;&#x643;&#x627;&#x646;&#x627;&#x62A; &#x628;&#x627;&#x634;&#x643;&#x627;&#x644;&#x647;&#x627; &#x627;&#x644;&#x645;&#x62E;&#x62A;&#x644;&#x641;&#x629;&#x60C; &#x644;&#x630;&#x644;&#x643; &#x62A;&#x646;&#x627;&#x648;&#x644; &#x647;&#x630;&#x627; &#x627;&#x644;&#x628;&#x62D;&#x62B; &#x62A;&#x642;&#x64A;&#x64A;&#x645; &#x645;&#x633;&#x627;&#x647;&#x645;&#x629; &#x635;&#x644;&#x628; &#x62A;&#x633;&#x644;&#x64A;&#x62D; &#x627;&#x644;&#x627;&#x646;&#x62D;&#x646;&#x627;&#x621; &#x627;&#x644;&#x637;&#x648;&#x644;&#x64A;&#x60C; &#x648;&#x627;&#x644;&#x643;&#x627;&#x646;&#x627;&#x62A; &#x639;&#x644;&#x64A; &#x645;&#x642;&#x627;&#x648;&#x645;&#x629; &#x627;&#x644;&#x642;&#x635; &#x627;&#x644;&#x62B;&#x627;&#x642;&#x628; &#x648;&#x630;&#x644;&#x643; &#x645;&#x646; &#x62E;&#x644;&#x627;&#x644; &#x635;&#x628; &#x648;&#x627;&#x62E;&#x62A;&#x628;&#x627;&#x631; &#x62B;&#x645;&#x627;&#x646;&#x64A;&#x629; &#x639;&#x634;&#x631;&#x629; &#x639;&#x64A;&#x646;&#x629; &#x628;&#x627;&#x628;&#x639;&#x627;&#x62F; &#x627;&#x644;&#x639;&#x64A;&#x646;&#x627;&#x62A; 1100&#xD7;1100 &#x645;&#x645; &#x648;&#x633;&#x645;&#x643; 120 &#x645;&#x645;. &#x64A;&#x62A;&#x648;&#x633;&#x637; &#x627;&#x644;&#x639;&#x64A;&#x646;&#x627;&#x62A; &#x639;&#x645;&#x648;&#x62F; &#x645;&#x631;&#x628;&#x639; &#x628;&#x623;&#x628;&#x639;&#x627;&#x62F; 150&#xD7;150 &#x645;&#x645;. &#x648;&#x642;&#x62F; &#x62A;&#x645; &#x641;&#x64A; &#x647;&#x630;&#x627; &#x627;&#x644;&#x628;&#x62D;&#x62B; &#x62F;&#x631;&#x627;&#x633;&#x629; &#x645;&#x62A;&#x63A;&#x64A;&#x631;&#x627;&#x62A; &#x645;&#x62E;&#x62A;&#x644;&#x641;&#x629; &#x62A;&#x62A;&#x646;&#x648;&#x639; &#x628;&#x64A;&#x646; &#x627;&#x644;&#x645;&#x633;&#x627;&#x641;&#x629; &#x628;&#x64A;&#x646; &#x627;&#x644;&#x643;&#x627;&#x646;&#x627;&#x62A; &#x648;&#x639;&#x631;&#x636;&#x647;&#x627; &#x648;&#x639;&#x62F;&#x62F; &#x641;&#x631;&#x648;&#x639;&#x647;&#x627; &#x648;&#x646;&#x633;&#x628;&#x629; &#x635;&#x644;&#x628; &#x62A;&#x633;&#x644;&#x64A;&#x62D; &#x627;&#x644;&#x627;&#x646;&#x62D;&#x646;&#x627;&#x621; &#x643;&#x645;&#x627; &#x62A;&#x645; &#x62A;&#x62D;&#x644;&#x64A;&#x644; &#x627;&#x644;&#x646;&#x62A;&#x627;&#x626;&#x62C; &#x627;&#x644;&#x639;&#x645;&#x644;&#x64A;&#x629; &#x648;&#x627;&#x644;&#x646;&#x638;&#x631;&#x64A;&#x629; &#x648;&#x645;&#x642;&#x627;&#x631;&#x646;&#x62A;&#x647;&#x627; &#x628;&#x627;&#x644;&#x642;&#x64A;&#x645; &#x627;&#x644;&#x645;&#x642;&#x62F;&#x631;&#x629; &#x645;&#x646; &#x623;&#x643;&#x648;&#x627;&#x62F; &#x627;&#x644;&#x62A;&#x635;&#x645;&#x64A;&#x645; &#x627;&#x644;&#x62F;&#x648;&#x644;&#x64A;&#x629; &#x627;&#x644;&#x645;&#x62E;&#x62A;&#x644;&#x641;&#x629; &#x648;&#x645;&#x646; &#x62B;&#x645; &#x627;&#x633;&#x62A;&#x646;&#x62A;&#x627;&#x62C; &#x645;&#x639;&#x627;&#x62F;&#x644;&#x629; &#x644;&#x644;&#x642;&#x635; &#x627;&#x644;&#x62B;&#x627;&#x642;&#x628; &#x62A;&#x643;&#x648;&#x646; &#x627;&#x642;&#x644; &#x62A;&#x62D;&#x641;&#x638;&#x627; &#x645;&#x646; &#x642;&#x64A;&#x645; &#x627;&#x644;&#x627;&#x643;&#x648;&#x627;&#x62F; &#x648;&#x627;&#x642;&#x631;&#x628; &#x645;&#x627; &#x64A;&#x643;&#x648;&#x646; &#x644;&#x644;&#x646;&#x62A;&#x627;&#x626;&#x62C; &#x627;&#x644;&#x645;&#x639;&#x645;&#x644;&#x64A;&#x629; &#x648;&#x627;&#x644;&#x646;&#x638;&#x631;&#x64A;&#x629;.</subfield>
  </datafield>
  <datafield tag="530" ind1=" " ind2=" ">
    <subfield code="a">Issued also as CD</subfield>
  </datafield>
  <datafield tag="546" ind1=" " ind2=" ">
    <subfield code="a">Text in English and abstract in Arabic &amp; English.</subfield>
  </datafield>
  <datafield tag="650" ind1=" " ind2="0">
    <subfield code="a">Structural Engineering  </subfield>
  </datafield>
  <datafield tag="650" ind1=" " ind2="0">
    <subfield code="a">&#x627;&#x644;&#x647;&#x646;&#x62F;&#x633;&#x629; &#x627;&#x644;&#x627;&#x646;&#x634;&#x627;&#x626;&#x64A;&#x629;</subfield>
  </datafield>
  <datafield tag="653" ind1=" " ind2="1">
    <subfield code="a">Punching shear</subfield>
    <subfield code="a">Flexural reinforcement</subfield>
    <subfield code="a">Stirrups</subfield>
    <subfield code="a">Concrete strength</subfield>
    <subfield code="a">Proposed equations </subfield>
    <subfield code="a">&#x627;&#x644;&#x642;&#x635; &#x627;&#x644;&#x62B;&#x627;&#x642;&#x628;</subfield>
    <subfield code="a">&#x635;&#x644;&#x628; &#x62A;&#x633;&#x644;&#x64A;&#x62D; &#x627;&#x644;&#x627;&#x646;&#x62D;&#x646;&#x627;&#x621;</subfield>
  </datafield>
  <datafield tag="700" ind1="0" ind2=" ">
    <subfield code="a">Mohamed Rabie Mahmoud Hussain</subfield>
    <subfield code="e">thesis advisor.</subfield>
  </datafield>
  <datafield tag="700" ind1="0" ind2=" ">
    <subfield code="a">Mohamed Samy Yousef</subfield>
    <subfield code="e">thesis advisor.</subfield>
  </datafield>
  <datafield tag="900" ind1=" " ind2=" ">
    <subfield code="b">01-01-2025</subfield>
    <subfield code="c">Mohamed Rabie Mahmoud Hussain</subfield>
    <subfield code="c">Mohamed Samy Yousef</subfield>
    <subfield code="d">Mohamed Talat Mostafa</subfield>
    <subfield code="d">Zaki Ibrahiem Mahmoud</subfield>
    <subfield code="U">Cairo University</subfield>
    <subfield code="F">Structural Engineering </subfield>
    <subfield code="D">Department of Structural Engineering </subfield>
  </datafield>
  <datafield tag="905" ind1=" " ind2=" ">
    <subfield code="a">Shimaa</subfield>
  </datafield>
  <datafield tag="942" ind1=" " ind2=" ">
    <subfield code="2">ddc</subfield>
    <subfield code="c">TH</subfield>
    <subfield code="e">21</subfield>
    <subfield code="n">0</subfield>
  </datafield>
  <datafield tag="999" ind1=" " ind2=" ">
    <subfield code="c">179705</subfield>
  </datafield>
  <datafield tag="952" ind1=" " ind2=" ">
    <subfield code="2">ddc</subfield>
    <subfield code="9">317108</subfield>
    <subfield code="a">CUCL</subfield>
    <subfield code="b">cl210</subfield>
    <subfield code="d">2026-04-23</subfield>
    <subfield code="i">93866</subfield>
    <subfield code="o">Cai01.13.05.Ph.D.2025.Ah.E</subfield>
    <subfield code="p">01010110093866000</subfield>
    <subfield code="r">2026-04-23 16:22:03</subfield>
    <subfield code="w">2026-04-23</subfield>
    <subfield code="y">TH</subfield>
  </datafield>
</record>
